El maravilloso mundo de las matemáticas /
Guardado en:
| Autor Principal: | |
|---|---|
| Formato: | Libro |
| Publicado: |
Argentina :
Aguilar,
1968
|
| Materias: | |
| Etiquetas: |
Agregar Etiqueta
Sin Etiquetas, Sea el primero en etiquetar este registro!
|
| LEADER | 00908nam a22001815a 4500 | ||
|---|---|---|---|
| 001 | CEM.cems003707 | ||
| 005 | 19000101000000.0 | ||
| 008 | 130507s1968##################000#0#####d | ||
| 003 | CEMS | ||
| 082 | 0 | 4 | |a 510 |
| 100 | 1 | |a Lancelot, Hogben | |
| 245 | 1 | 0 | |a El maravilloso mundo de las matemáticas / |
| 260 | |a Argentina : |b Aguilar, |c 1968 | ||
| 300 | |a 96 p. | ||
| 505 | 0 | |a Teoria de conjuntos; Numeros enteros y fraccionarios; Expresiones algebraicas enteras: operaciones; Factoreo; Expresiones algebraicas fraccionarias; Ecuaciones; Sistemas de ecuaciones lineales; Representacion grafica; Vectores en el plano; Propiedades de segmentos; Triangulos semejantes; Poligonos semejantes; Funciones trigonometricas; Producto escalar de dos vectores; Proyeccion ortogonal de puntos; Poligono regular | |
| 653 | |a Matematica | ||
| 653 | |a Matematica-historia de la | ||
| 859 | |a CEMS |b BIB. CEMS - 11 de abril |h 510 |i L223 |p 1960.74 |t Ej.1 | ||
